Alpha Omega Alpha Honor Medical Society Member Directory 2011 (Record no. 1695)

000 -LEADER
fixed length control field 00630nam a22001937a 4500
003 - CONTROL NUMBER IDENTIFIER
control field OSt
005 - DATE AND TIME OF LATEST TRANSACTION
control field 20210427071719.0
008 - FIXED-LENGTH DATA ELEMENTS--GENERAL INFORMATION
fixed length control field 210224s2011 ||||| |||| 00| 0 eng d
040 ## - CATALOGING SOURCE
Original cataloging agency eng
Language of cataloging eng
Transcribing agency DLC
041 ## - LANGUAGE CODE
Language code of text/sound track or separate title eng
080 ## - UNIVERSAL DECIMAL CLASSIFICATION NUMBER
Universal Decimal Classification number 659.3
Item number A-41
110 ## - MAIN ENTRY--CORPORATE NAME
9 (RLIN) 1108
Corporate name or jurisdiction name as entry element Alpha Omega Alpha Honor Medical Society
245 ## - TITLE STATEMENT
Title Alpha Omega Alpha Honor Medical Society Member Directory 2011
Statement of responsibility, etc. / by: Alpha Omega Alpha Honor Medical Society
260 ## - PUBLICATION, DISTRIBUTION, ETC.
Place of publication, distribution, etc. Menlo Park, California
Name of publisher, distributor, etc. Alpha Omega Alpha Honor Medical Society
Date of publication, distribution, etc. 2011
300 ## - PHYSICAL DESCRIPTION
Extent 403 p
650 #0 - SUBJECT ADDED ENTRY--TOPICAL TERM
9 (RLIN) 746
Topical term or geographic name entry element Information
653 ## - INDEX TERM--UNCONTROLLED
Uncontrolled term ინფორმაცია
942 ## - ADDED ENTRY ELEMENTS (KOHA)
Source of classification or shelving scheme
Koha item type Books
Holdings
Withdrawn status Lost status Source of classification or shelving scheme Damaged status Not for loan Permanent location Current location Date acquired Inventory number Total Checkouts Full call number Barcode Date last seen Price effective from Koha item type
          Ken Walker International University Ken Walker International University 02/24/2021 1518   659.3 A-41 1518 02/24/2021 02/24/2021 Books

Powered by Koha